| 000 | 01123camaa2200325M 44500 | ||
|---|---|---|---|
| 001 | 74023 | ||
| 005 | 20230410123634.0 | ||
| 008 | 050616s2005 sp 000 0 spa d | ||
| 035 | _a(OCoLC)ocn433528459 | ||
| 040 |
_aBNM _erdc _bspa _cBNM |
||
| 017 | _aGR 264-2005 | ||
| 020 | _a8484449424 | ||
| 020 | _a9788484449423 | ||
| 035 | _a(OCoLC)433528459 | ||
| 050 | 1 | 4 |
_aKKT 3067 _bR672l 2005 |
| 100 | 1 | _aRocha García, Ernesto de la. | |
| 245 | 1 | 0 |
_aLey de ordenación de la edificación : _bLey 38/1999, de 5 de noviembre _cErnesto García de la Rocha, Miguel Angel del Arco Torres. |
| 260 |
_aAlbolote (Granada) _bEditorial Comares _c2005. |
||
| 300 |
_ax, 137 p. _c22 cm. |
||
| 490 | 1 | _aComares/urbanismo | |
| 500 | _aIncluye (p. 119-137): Ley 38/1999, de 5 de noviembre, de ordenación de la edificación. | ||
| 650 | 0 |
_aBuilding laws _zSpain. |
|
| 650 | 4 |
_aConstrucción _xDerecho _zEspaña. |
|
| 700 | 1 | _aArco Torres, Miguel âAngel del. | |
| 710 | 1 | 2 |
_aEspaña _tLey de ordenación de la edificación, 1999. |
| 830 | 0 | _aComares/urbanismo. | |
| 942 |
_2lcc _cbk |
||
| 946 | _amfcruz | ||
| 994 |
_aC0 _bDRFGD |
||
| 999 |
_c65366 _d65366 |
||